000 00357nam a2200145Ia 4500
008 231011s9999 xx 000 0 und d
041 _aeng
082 _a657.42
100 _aLal Jawahar/Srivastava
245 _aCost Accounting [ Lal]
250 _a4th
260 _bTata Mcgraw Hill pub Co Ltd .,New Delhi -
_c2010
300 _a1017
365 _b340
999 _c891974
_d891974